| 000 | 00546nam a2200193Ia 4500 | ||
|---|---|---|---|
| 005 | 20250508160644.0 | ||
| 008 | 008 250505s9999 xx 000 0 eng d | ||
| 037 | _aTextual | ||
| 040 |
_aFEDL _beng _cFEDL |
||
| 041 |
_aeng _2eng |
||
| 084 |
_a330.1, SEL _qFEDL |
||
| 100 |
_aSeltzer Lawrence H. Ed. _9232204 |
||
| 245 | 0 | _aNew horizons of economic progress, V 12 | |
| 260 |
_aAllahabad, India _bCentral Book Depot _c1967 |
||
| 300 | _a158p | ||
| 650 | _aEconomics | ||
| 942 |
_cTEXL _h330.1, SEL |
||
| 999 |
_c1365867 _d1365867 |
||